| 000 | 00943nam a2200301Ia 4500 | ||
|---|---|---|---|
| 003 | OSt | ||
| 005 | 20221007122046.0 | ||
| 006 | a|||||r|||| 00| 0 | ||
| 007 | ta | ||
| 008 | 221006b |||||||| |||| 00| 0 eng d | ||
| 020 |
_a1402017618 (hbd) _c10261.80 |
||
| 024 | _a13364 | ||
| 037 |
_bIN-00127, 01/02/2005, N R Book Distributors _cTextual |
||
| 040 |
_aBDL _cBDL _beng |
||
| 041 |
_2eng _aeng |
||
| 082 | _aJ:57, P4 Carb | ||
| 100 |
_aInderjit Ed. _9675854 |
||
| 245 | 0 | _aWeed biology and management | |
| 260 |
_aDordrecht _bKluwer Academic Publishers _c2004 |
||
| 300 |
_axii, 553p. _ccm. |
||
| 500 | _aIncludes bibliographical references; Indexes 539-553p | ||
| 650 | _a Agriculture | ||
| 650 | _a Management | ||
| 650 |
_a Weed biology _9710854 |
||
| 650 | _aBiology | ||
| 942 |
_hJ:57, P4 Carb _cTEXL _2CC |
||
| 999 |
_c1209743 _d1209743 |
||